Shifting sands : (Record no. 2605)
[ view plain ]
| 000 -LEADER | |
|---|---|
| fixed length control field | 00582nam a2200169Ia 4500 |
| 005 - DATE AND TIME OF LATEST TRANSACTION | |
| control field | 20240402014035.0 |
| 008 - FIXED-LENGTH DATA ELEMENTS--GENERAL INFORMATION | |
| fixed length control field | 240331s9999 xx 000 0 und d |
| 020 ## - INTERNATIONAL STANDARD BOOK NUMBER | |
| ISBN | 8185604401 |
| 082 ## - DDC Classification | |
| Item Number - Author Mark | SHI |
| Class No. | 330. |
| 100 ## - MAIN ENTRY--PERSONAL NAME | |
| Personal name | CWDS |
| 245 #0 - TITLE STATEMENT | |
| Title | Shifting sands : |
| Remainder of title | women's lives and globalization |
| 250 ## - EDITION STATEMENT | |
| Edition statement | 1 st |
| 260 ## - PUBLICATION, DISTRIBUTION, ETC. | |
| Place of publication, distribution, etc. | Calcutta : |
| Name of publisher, distributor, etc. | Women's Lives and Globalization / |
| Date of publication, distribution, etc. | 2000 |
| 300 ## - PHYSICAL DESCRIPTION | |
| Extent (e.g. Volumes, Pages etc.) | xiv, 326 p., |
| 500 ## - GENERAL NOTE | |
| General note | The themes treated in this text reflect a diversity of issues and approaches, yet the overarching concern is to ensure a better future for women in India. |
| 942 ## - Koha item type (Biblio) | |
| Koha item type | Books in Stacks (Lending) |
| Lost status | Damaged status | Collection code | Home library | Current library | Shelving location | Date acquired | Full call number | Accession Number | Item type |
|---|---|---|---|---|---|---|---|---|---|
| Lending | WERC Library | WERC Library | Social Science Cupboard | 03/31/2024 | 330 SHI | 4230 | Books in Stacks (Lending) |
